00831nam a2200181 a 450000100100000000500170001000800410002702000150006804000250008310000370010824501760014526000750032130000210039670000490041771000610046695201050052799900170063200004220420201002040014.0131119s1997 sp af 000 0 spa d a8400077016 aDO-SdBNPbspacBNPHU1 aCorrea, Manueld1600-165396922313aLa Música en las Catedrales en el Siglo XVII :bLos Villancicos y Romances de Fray Manuel Correa /cManuel Correa ; estudios y edición José Vicente González Valle. aBarcelona :bConsejo Superior de Investigaciones Científicas,c1997. a117 p. ;c31 cm.1 aGonzález Valle, José Vicenteeed.9674372 aConsejo Superior de Investigaciones Científicas,94786 001050718MOaGRbGRcCTd2013-11-19iLF1l0o p42204-10r2020-06-25w2020-06-25y1ZNo se presta c41693d41693